Handbook of the Convention on Biological Diversity / (Registro nro. 1807)

Detalles MARC
000 -CABECERA
Campo de control 00880cam a2200217 i 4500
005 - FECHA Y HORA DE LA ULTIMA TRANSACCION
Campo de control 20160130120820.0
008 - ELEMENTOS DE LONGITUD FIJA—INFORMACION GENERAL
Campo de control 010227s2001 enk b 001 0 eng
020 ## - ISBN
ISBN 1853837482 (hardback : alk. paper)
020 ## - ISBN
ISBN 1853837377 (pbk. : alk. paper)
040 ## - FUENTE DE CATALOGACIÓN
Agencia catalogadora original DLC
Agencia transcriptora DLC
Agencia Modificadora DLC
-- CO-BoIAVH
041 ## - IDIOMA
Código de idioma para texto/pista de sonido o título separado Inglés
082 04 - NUMERO DE CLASIFICACION DECIMAL DEWEY
Número de clasificación 341.7
Número del ítem H23h
245 00 - MENCION DE TITULO
Título Handbook of the Convention on Biological Diversity /
Mención de responsabilidad Secretariat of the Convention on Biological Diversity.
260 ## - PUBLICACION, DISTRIBUCION, ETC. (PIE DE IMPRENTA)
Lugar de publicación, distribución, etc. London ;
-- Sterling, VA :
Nombre del editor, distribuidor, etc. Earthscan Publications,
Fecha de publicación, distribución, etc. 2001.
300 ## - DESCRIPCION FISICA
Extensión xxix, 690 páginas ;
Dimensiones 25 cm. +
Material acompañante 1 CD-ROM (4 3/4 in.)
504 ## - NOTA DE BIBLIOGRAFIA, ETC.
Nota de bibliografía Incluye referencias bibliográficas e índice.
650 14 - ASIENTO SECUNDARIO DE MATERIA - TERMINO TEMATICO
Término temático o nombre geográfico como elemento de entrada Conservación biológica
Subdivisión general Legislación.
9 (RLIN) 55705
650 24 - ASIENTO SECUNDARIO DE MATERIA - TERMINO TEMATICO
Término temático o nombre geográfico como elemento de entrada Diversidad biológica
Subdivisión general Legislación.
9 (RLIN) 55706
710 2# - ASIENTO SECUNDARIO - NOMBRE CORPORATIVO
Nombre corporativo o de jurisdicción como elemento de entrada Secretariat of the Convention on Biological Diversity.
9 (RLIN) 55707
942 ## - ELEMENTOS ADICIONALES (KOHA)
Sistema de clasificación Dewey Decimal Classification
Tipo de ítem Libro
Existencias
Withdrawn status Lost status Sistema de Clasificación Damaged status No para préstamo Colección Inventariado Ubicación Permanente Ubicación actual Fecha de adquisición Fuente de Valor Valor Total Checkouts Número topográfico Inventario / Código de Barras Date last seen Ejemplar Price effective from Forma de adquisición Tipo de material Public note
    Dewey Decimal Classification     General Inventariado 2017 Bogotá Bogotá 07/12/2001 Instituto 39000.00   LB-341.7 H23h 006428 04/12/2012 Ej. 1 04/12/2012   Libro Incluye 1 CD-ROM (CID-006429)
    Dewey Decimal Classification     General Inventariado 2017 Bogotá Bogotá 29/08/2017 Instituto 39000.00   LB-341.7 H23h 004845 29/08/2017 Ej. 3 29/08/2017 Donación Libro Incluye CD-Rom Cid-004846
    Dewey Decimal Classification     General Inventariado 2017 Sala Fabio Quevedo Sala Fabio Quevedo 23/01/2001 Instituto 39000.00   LB-341.7 H23h 002262 04/12/2012 Ej. 2 04/12/2012   Libro